| 000 | 01569cam a22004337a 4500 | ||
|---|---|---|---|
| 001 | 000093804 | ||
| 003 | CHAP | ||
| 005 | 20220329142952.0 | ||
| 008 | 050517d2005 mx r 00110 spa d | ||
| 010 | _a90270 | ||
| 011 | _a91242 | ||
| 035 | _a101800 | ||
| 040 | _cCHAP | ||
| 090 | _aTesis | ||
| 100 | 0 | 0 |
_aPadilla García, María Angélica. _984650 |
| 245 | 1 | 0 |
_aEstrategia para el manejo integral en la microcuenca del Río San Juan Amajac, Hidalgo / _c/por María Angélica Padilla García. |
| 260 |
_aChapingo, Méx. : _bEl autor, _c2005. |
||
| 300 | _a103 h. | ||
| 502 | _aTesis (Ing. en Restauración Forestal) -- UACH. División de Ciencias Forestales | ||
| 590 |
_aALEPH _b10 _c20130110 _lUCH01 _h1505 |
||
| 590 |
_aBATCH-UPD _b10 _c20130110 _lUCH01 _h0332 |
||
| 590 |
_aBATCH-UPD _b10 _c20130410 _lUCH01 _h0005 |
||
| 590 |
_aBATCH-UPD _b10 _c20130914 _lUCH01 _h1112 |
||
| 590 |
_aBATCH-UPD _b10 _c20140324 _lUCH01 _h1450 |
||
| 590 |
_aBATCH-UPD _b10 _c20141002 _lUCH01 _h0826 |
||
| 590 |
_aCONVERSION _b10 _c20130109 _lUCH01 _h1350 |
||
| 590 |
_aE5765TAJ _b10 _c20130619 _lUCH01 _h1208 |
||
| 590 |
_aE5765TAJ _b10 _c20130703 _lUCH01 _h0852 |
||
| 590 |
_aE5765TAJ _b10 _c20130703 _lUCH01 _h0924 |
||
| 650 | 1 | 4 |
_aCuencas. _930085 |
| 650 | 1 | 4 |
_aRío San Juan, Hgo. _999141 |
| 856 |
_3Finding aid _uhttp://10.13.5.2/tesis/101800.pdf _zTeclea aquí |
||
| 901 | _aBK | ||
| 905 | _aAlejandra Carrasco M. | ||
| 942 | _cCD | ||
| 942 | _n0 | ||
| 949 |
_aTesis _bBC _cTES _d1018001 _eTS1 _h43761 _i101800 _sb |
||
| 949 |
_aTesis _bBC _cTES _d33724000951794 _eTS2 _fc.2 _h43762 _i101800 _si |
||
| 999 |
_c90270 _d90270 |
||